000 00274nam a22001337a 4500
008 170830b xxu||||| |||| 00| 0 eng d
020 _a9780077550486
041 _aeng
080 _a070
100 _a40
101 _aMED
245 _aMEDIA
_cRODMAN,G
942 _2udc
_cBK
999 _c25578
_d25578